000 00326nam a2200097Ia 4500
008 220120s9999||||xx |||||||||||||| ||und||
100 _aAnkitha H.L and others
_912604
245 0 _aReal time wireless ECG and its signal display on lab view
260 _aCoorg Institute of Technology
_bPonnampet
_c2016
650 _aCOMPUTER SCIENCE
999 _c138202
_d138202